Movies Quiz

Random Movies or Year Quiz

AFI's 100 Years... 100 Thrills Quiz Stats

 Plays Quiz Updated Aug 23, 2013

Support Sporcle.
Go Orange.
Score 0/100 Timer 15:00
1 Play Today
Year Film % Correct
1979Alien
92.3%
1972The Godfather
91%
1960Psycho
90.7%
1991The Silence of the Lambs
90.7%
1977Star Wars
89.6%
1984The Terminator
88.8%
1975Jaws
87.1%
1988Die Hard
86.2%
1997Titanic
84.5%
1976Rocky
82.3%
1942Casablanca
81%
1939The Wizard of Oz
80.5%
1981Raiders of the Lost Ark
79.8%
1999The Matrix
79.2%
1963The Birds
76.1%
1976Taxi Driver
74.8%
1980The Shining
73.7%
1959North by Northwest
73.5%
1994Pulp Fiction
72.8%
1962Lawrence of Arabia
71.7%
1933King Kong
71.3%
1976Carrie
71.1%
1971The French Connection
71%
1931Dracula
70.6%
1971A Clockwork Orange
70.5%
1968Rosemary's Baby
70.5%
1980Raging Bull
69.7%
1959Ben-Hur
68%
1954Rear Window
67.6%
1995Braveheart
67.4%
1958Vertigo
67.4%
1971Dirty Harry
66.9%
1993Jurassic Park
66.6%
1991Terminator 2: Judgment Day
65.7%
Year Film % Correct
1986Platoon
65.6%
1967Bonnie and Clyde
64%
1998Saving Private Ryan
62.9%
1963The Great Escape
62.7%
1941The Maltese Falcon
60.9%
1994Speed
60.6%
1974Chinatown
59.3%
1960Spartacus
59%
1968The Planet of the Apes
58.2%
1999The Sixth Sense
57.2%
1973The Exorcist
57.1%
1982Blade Runner
56.3%
1964Goldfinger
55.5%
1982E.T. the Extra-Terrestrial
55.2%
1952High Noon
55.1%
1993The Fugitive
54.8%
1991Thelma & Louise
53.4%
1975Dog Day Afternoon
53%
1977Close Encounters of the Third Kind
52.5%
1969Butch Cassidy and the Sundance Kid
51.6%
1978The Deer Hunter
49.9%
1938The Adventures of Robin Hood
49.6%
1987Fatal Attraction
49.4%
1968Bullitt
49.4%
1931Frankenstein
49%
1960The Magnificent Seven
47.1%
19682001: A Space Odyssey
45.7%
195712 Angry Men
43.4%
1972Deliverance
41.9%
1987Full Metal Jacket
41.5%
1978Halloween
40.8%
1962Cape Fear
40.7%
1976Marathon Man
40.6%
1986Blue Velvet
40.3%
Year Film % Correct
1944Double Indemnity
40%
1982Poltergeist
39.9%
1962The Manchurian Candidate
39.1%
1962What Ever Happened to Baby Jane?
36.1%
1949The Third Man
34.9%
1967The Dirty Dozen
34.3%
1948The Treasure of the Sierra Madre
34.3%
1976The Omen
34%
1976All the President's Men
31.1%
1957The Bridge on the River Kwai
29.3%
1955The Night of the Hunter
29.1%
1954Dial M for Murder
29.1%
1940Rebecca
28.3%
1956Invasion of the Body Snatchers
27.6%
1951Strangers on a Train
27.2%
1946Notorious
27.2%
1925The Phantom of the Opera
26.9%
1958Touch of Evil
26.1%
1967Wait Until Dark
25.7%
1951The Day the Earth Stood Still
24.6%
1969The Wild Bunch
24.4%
1944Gaslight
23.9%
1979The China Syndrome
23.7%
1981Body Heat
21.3%
1944Laura
21%
1972The Poseidon Adventure
17.3%
1923Safety Last!
16.3%
1968Night of the Living Dead
15.9%
1961The Guns of Navarone
14.3%
1984Blood Simple
11.2%
1945The Picture of Dorian Gray
9.7%
1951The Thing from Another World
8.2%

From the Vault

Hand-Drawn Movies II

by ddavey1983

Movies 8m
You'll be amazed at the special effects in this quiz.
Remove Ads.
Support Sporcle.
Get the best of Sporcle when you Go Orange. This ad-free experience offers more features, more stats, and more fun while also helping to support Sporcle. Thank you for becoming a member.

Show Comments

Extras

Top Quizzes Today


Score Distribution

Your Account Isn't Verified!

In order to create a playlist on Sporcle, you need to verify the email address you used during registration. Go to your Sporcle Settings to finish the process.

Report this User

Report this user for behavior that violates our Community Guidelines.

Details: